Aspectos psicológicos de la militancia de izquierda en Chile desde 1973 /

En Chile, los militantes de izquierda conocen hoy en día un problema real de integración de la personalidad, como consecuencia de las condiciones objetivas que se les impone desde 1973, las que han venido a reforzar tendencias propias de una forma específica de la militancia.

Detalles Bibliográficos
Autor principal: Le Saux, Marguerite
Formato: Analitica de revista
Lenguaje:español
Publicado: Santiago, Chile SUR 1986
Materias:

MARC

LEADER 00000cab a2200000 a 4500
001 037583
003 UAHC_CL
005 20171122123743.0
008 140120s1986 cl 000 spa
952 |0 0  |1 0  |4 0  |6 PROPOSICIONES_12_86_000000000000000  |7 0  |8 COMP  |9 71599  |a BC  |b BC  |c COMP  |d 2017-08-03  |l 0  |o PROPOSICIONES-12/86  |r 2017-08-03 00:00:00  |t 1  |w 2017-08-03  |y REVA 
999 |c 37583  |d 37583 
040 |a UAHC_CL  |c UAHC_CL  |d UAHC_CL 
100 1 |a Le Saux, Marguerite 
245 1 0 |a Aspectos psicológicos de la militancia de izquierda en Chile desde 1973 /  |c Maggy Le Saux. 
260 |b SUR  |c 1986  |a Santiago, Chile 
300 |a pp. 79-93 
310 |a Anual. 
362 0 |a Año 1, no. 1 (nov. 2002)- . 
362 0 |a Año 1, no. 1 (nov. 2002)- . 
500 |a En: Proposiciones. no. 12, 1986. pp. 79-93. ISSN. 956208051X. 
520 |a En Chile, los militantes de izquierda conocen hoy en día un problema real de integración de la personalidad, como consecuencia de las condiciones objetivas que se les impone desde 1973, las que han venido a reforzar tendencias propias de una forma específica de la militancia. 
650 4 |a DERECHA E IZQUIERDA (CIENCIAS POLITICAS) 
650 4 |a PARTIDOS DE IZQUIERDA  |z CHILE 
900 |a PROPOSICIONES-12/86 
942 |c REVA  |2 ddc